000 00207 a2200097 4500
001 45272
100 _aJagger E.T
245 _aWings in motion
260 _aLondon
_bPitman & Son
_c
090 _c28458
_d28458
942 _aNUST-CAE
_cM
_c20511
999 _c280345
_d280345